Epilepsie und Eklampsie

Elmentve itt :
Bibliográfiai részletek
Szerző: Nothnagel Hermann
Dokumentumtípus: Cikk
Sorozat:Kolligátum
Kulcsszavak:Patológia - tankönyv
Online Access:http://misc.bibl.u-szeged.hu/24174
LEADER 00511nab a2200157 i 4500
001 misc24174
005 20191111110820.0
008 170911suuuu hu o 0|| zxx d
040 |a SZTE Miscellanea Repozitórium  |b hun 
041 |a zxx 
100 1 |a Nothnagel Hermann 
245 1 0 |a Epilepsie und Eklampsie  |h [elektronikus dokumentum] /  |c  Nothnagel Hermann 
300 |a 177-284 
490 0 |a Kolligátum 
695 |a Patológia - tankönyv 
856 4 0 |u http://misc.bibl.u-szeged.hu/24174/1/010_024_177-284.pdf  |z Dokumentum-elérés